Представление документа в формате MARC21

ПолеНазваниеЗначение
  Тип записи a
  Библиографический уровень m
001 Контрольный номер RU/URAIT/589081
005 Дата корректировки 20260429163712.8
008 Кодируемые данные 260429s2026 RU y f j 000 0 rus u
020 Индекс ISBN __
a ISBN 978-5-534-15455-9
c Цена, тираж 479.00
040 Источник каталогиз. __
a Служба первич. каталог. ИКО Юрайт
c Служба, преобразующая запись ИКО Юрайт
e Правила каталог. RCR
041 Код языка издания __
a Код языка текста rus
044 Код страны публикации __
a Код страны публикации RU
080 Индекс УДК __
a Индекс УДК 543.3(075.8)
084 Индекс другой классификации/Индекс ББК __
2 Источник индекса rubbk
a Индекс другой классификации/Индекс ББК 26.22я73
100 Автор __
a Автор Бочкарев А. В.
q Полное имя Бочкарев Андрей Владимирович
245 Заглавие __
a Заглавие Химия воды
b Продолж. заглавия учебник для вузов
c Ответственность А. В. Бочкарев [и др.] ; ответственный редактор Н. Л. Багнавец.
256 Характеристики компьютерного файла __
a Характеристики компьютерного файла Электрон. дан.
260 Выходные данные __
a Место издания Москва
b Издательство Юрайт
c Дата издания 2026
300 Физическое описание __
a Объем 102 с
440 Серия __
a Серия Высшее образование
500 Примечания __
a Примечание URL: https://urait.ru/bcode/589081 (дата обращения: 29.04.2026).
520 Аннотация __
a Аннотация В теоретической части пособия даны общие сведения о составе гидросферы, физико-химических свойствах воды, представлен химический состав природных вод, показатели качества воды, рассмотрены вопросы миграции компонентов природных вод. В практической части описаны методы химического анализа и представлены лабораторные работы по анализу природных вод с применением химических и физико-химических методов в соответствии с федеральным государственным образовательным стандартом. В издании представлен расширенный спектр лабораторных работ, что позволяет варьировать лабораторные работы с учетом учебного плана, а также возможностей кафедры химии. В приложении дан краткий перечень предельно допустимых концентраций (ПДК) основных загрязняющих веществ в водных объектах, нормативные значения показателей качества питьевой воды. Пособие предназначено для студентов, обучающихся по направлению подготовки «Гидрометеорология» (направленность «Метеорология»); по направлению «Агрохимия и агропочвоведение» (направленность «Агроэкология»); по направлению «Экология и природопользование» (направленность «Экология»).
538 Прим. о системных особенностях __
a Прим. о системных особенностях Режим доступа: Электронно-библиотечная система Юрайт, для авториз. пользователей
653 Ключевые слова __
a Ключевые слова Химия в отдельных отраслях
653 Ключевые слова __
a Ключевые слова Естественные науки
653 Ключевые слова __
a Ключевые слова Химия воды
653 Ключевые слова __
a Ключевые слова Гидрохимия
653 Ключевые слова __
a Ключевые слова Основы гидрохимии
700 Другие авторы __
a Другие авторы Багнавец Н. Л.
q Полное имя Багнавец Наталья Леонидовна
700 Другие авторы __
a Другие авторы Жевнеров А. В.
q Полное имя Жевнеров Алексей Валерьевич
700 Другие авторы __
a Другие авторы Дмитревская И. И.
q Полное имя Дмитревская Инна Ивановна
700 Другие авторы __
a Другие авторы Белопухов С. Л.
q Полное имя Белопухов Сергей Леонидович
856 Электронный адрес документа 40
n Местонахождение сервера Юрайт
g Электронная книга
q Тип электронного формата html
h Имя пользователя ЮРАЙТ
v Часы доступа к ресурсу 20271231
2 Способ доступа Показать документ
x Служебное примечание https://urait.ru/book/cover/F79D4D65-30DA-442F-926E-B61CEC1A99F8
u URL https://urait.ru/bcode/589081
856 Электронный адрес документа 48
q Тип электронного формата cover
u URL https://urait.ru/book/cover/F79D4D65-30DA-442F-926E-B61CEC1A99F8
911 __
u 0030=https://urait.ru/bcode/589081
911 __
u 073a=9785534154559
u 073d=479.00
911 __
u 106a=s
911 __
u 900l=
952 Тип литературы __
i Дисциплина Химия воды
952 Тип литературы __
i Дисциплина Гидрохимия
952 Тип литературы __
i Дисциплина Основы гидрохимии